20 sifat fitrah anak / (Record no. 1131)
[ view plain ]
| 000 -LEADER | |
|---|---|
| fixed length control field | nam a22 a 4500 |
| 003 - CONTROL NUMBER IDENTIFIER | |
| control field | AKMAL |
| 005 - DATE AND TIME OF LATEST TRANSACTION | |
| control field | 20170508142230.0 |
| 008 - FIXED-LENGTH DATA ELEMENTS--GENERAL INFORMATION | |
| fixed length control field | 170508s1997 my 00 may d |
| 020 ## - INTERNATIONAL STANDARD BOOK NUMBER | |
| International Standard Book Number | 9830461645 (kkt.): |
| Terms of availability | RM 5.00 |
| 039 #9 - LEVEL OF BIBLIOGRAPHIC CONTROL AND CODING DETAIL [OBSOLETE] | |
| Level of rules in bibliographic description | 200709131129 |
| Level of effort used to assign nonsubject heading access points | rfid1 |
| 040 ## - CATALOGING SOURCE | |
| Original cataloging agency | AKMAL |
| Transcribing agency | AKMAL |
| 049 00 - LOCAL HOLDINGS (OCLC) | |
| Holding library | klpmal |
| 082 04 - DEWEY DECIMAL CLASSIFICATION NUMBER | |
| Classification number | 297.563 MUH |
| 090 00 - LOCALLY ASSIGNED LC-TYPE CALL NUMBER (OCLC); LOCAL CALL NUMBER (RLIN) | |
| Classification number (OCLC) (R) ; Classification number, CALL (RLIN) (NR) | 297.563 |
| Local cutter number (OCLC) ; Book number/undivided call number, CALL (RLIN) | MUH |
| 090 20 - LOCALLY ASSIGNED LC-TYPE CALL NUMBER (OCLC); LOCAL CALL NUMBER (RLIN) | |
| Classification number (OCLC) (R) ; Classification number, CALL (RLIN) (NR) | 297.563 |
| Local cutter number (OCLC) ; Book number/undivided call number, CALL (RLIN) | MUH |
| 100 0# - MAIN ENTRY--PERSONAL NAME | |
| Personal name | Muhammad Thalib |
| 9 (RLIN) | 1765 |
| 245 10 - TITLE STATEMENT | |
| Title | 20 sifat fitrah anak / |
| Statement of responsibility, etc. | Muhammad Thalib |
| 260 ## - PUBLICATION, DISTRIBUTION, ETC. | |
| Place of publication, distribution, etc. | Kuala Lumpur : |
| Name of publisher, distributor, etc. | Darul Nu'man, |
| Date of publication, distribution, etc. | 1997 |
| 300 00 - PHYSICAL DESCRIPTION | |
| Extent | vi, 94ms. ; |
| Dimensions | 19cm |
| 440 #0 - SERIES STATEMENT/ADDED ENTRY--TITLE | |
| Title | Siri keluarga gemilang |
| 9 (RLIN) | 2159 |
| 500 ## - GENERAL NOTE | |
| General note | Mengandungi ayat-ayat dari Quran |
| 650 #0 - SUBJECT ADDED ENTRY--TOPICAL TERM | |
| Topical term or geographic name entry element | Children |
| General subdivision | Conduct of life |
| -- | Religious aspects |
| -- | Islam |
| 9 (RLIN) | 1974 |
| 650 #0 - SUBJECT ADDED ENTRY--TOPICAL TERM | |
| Topical term or geographic name entry element | Islam |
| General subdivision | Customs and practices |
| 9 (RLIN) | 1330 |
| 650 #0 - SUBJECT ADDED ENTRY--TOPICAL TERM | |
| Topical term or geographic name entry element | Muslim children |
| General subdivision | Religious life |
| 9 (RLIN) | 2328 |
| 740 02 - ADDED ENTRY--UNCONTROLLED RELATED/ANALYTICAL TITLE | |
| Uncontrolled related/analytical title | Dua puluh sifat fitrah anak |
| 942 ## - ADDED ENTRY ELEMENTS (KOHA) | |
| Source of classification or shelving scheme | |
| Koha item type | Book |
| Withdrawn status | Lost status | Source of classification or shelving scheme | Damaged status | Not for loan | Collection code | Home library | Current library | Date acquired | Inventory number | Total Checkouts | Full call number | Barcode | Date last seen | Price effective from | Koha item type |
|---|---|---|---|---|---|---|---|---|---|---|---|---|---|---|---|
| NON-FICTION | AKMAL Melaka | AKMAL Melaka | 08.05.2017 | 200665 | 297.563 MUH | 201702226 | 08.05.2017 | 08.05.2017 | Book |
